000 01206nam a22003377a 4500
003 CHAP
005 20220329135640.0
008 971013s1980 r 00010 d
010 _a39900
011 _a40872
035 _a44998
040 _cCHAP
090 _aTesis
100 0 0 _aMora Salazar, Gerardo.
_978173
245 _aEvaluación del comportamiento del peso corporal al postparto y su relación con la producción de leche y la fertilidad en vacas Holstein de 2, 3 y 5, 6, parto
260 _a(Monterrey, N.L.) :
_bEl autor,
_c1980
300 _a43 h.
_b; gráfs
502 _aTesis (Ing. Agrónomo Zootecnista) -- ITESM. Div. de Ciencias Agropecuarias y Marítimas
590 _aALEPH
_b10
_c20130110
_lUCH01
_h1308
590 _aBATCH-UPD
_b10
_c20130110
_lUCH01
_h1912
590 _aBATCH-UPD
_b10
_c20130410
_lUCH01
_h1238
590 _aBATCH-UPD
_b10
_c20130914
_lUCH01
_h1511
590 _aCONVERSION
_b10
_c20130109
_lUCH01
_h1322
650 1 4 _aGanado Holstein.
_945133
650 1 4 _aGanado lechero
_xFecundidad.
_945264
650 1 4 _aGanado lechero
_xPeso.
_945286
650 1 4 _aLeche
_xProducción.
_965400
901 _aBK
942 _cTESIS
949 _bBC
_cTES
_d-103038
_eTS1
_i44998
_si
999 _c39900
_d39900